| 000 | 00659nam a2200193 i 4500 | ||
|---|---|---|---|
| 001 | 75940 | ||
| 003 | ES-MaACL | ||
| 005 | 20230906172648.0 | ||
| 007 | t| | ||
| 008 | 040928s1964 sp ||||1| spa d | ||
| 100 | 1 |
_aGruse, William A. _960258 |
|
| 245 | 1 | 0 |
_aTecnología química del petróleo / _cWilliam A. Gruse, Donald R. Stevens ; traducción por Julián Domínguez Sanz y José Capsir Albalat. |
| 260 |
_aBarcelona : _bOmega, _c[1964] |
||
| 300 |
_a704 p. : _bil. ; _c23 cm. |
||
| 700 | 1 |
_aStevens, Donald R. _9108155 |
|
| 700 | 1 |
_aDomínguez Sanz, Julián. _945250 |
|
| 700 | 1 |
_aCapsir Albalat, José. _934911 |
|
| 852 |
_aES-MaACL _jC-26736 _bR.55921 |
||
| 999 |
_c75940 _d75940 |
||